<?xml version="1.0" encoding="UTF-8"?>
<record
    xmlns:xsi="http://www.w3.org/2001/XMLSchema-instance"
    xsi:schemaLocation="http://www.loc.gov/MARC21/slim http://www.loc.gov/standards/marcxml/schema/MARC21slim.xsd"
    xmlns="http://www.loc.gov/MARC21/slim">

  <leader>01463nam0a2200385   4500</leader>
  <controlfield tag="001">RU\NLR\BIBL_A\011734512</controlfield>
  <controlfield tag="005">20180924095718.0</controlfield>
  <datafield tag="010" ind1=" " ind2=" ">
    <subfield code="a">978-5-00053-745-9</subfield>
    <subfield code="9">2000</subfield>
  </datafield>
  <datafield tag="021" ind1=" " ind2=" ">
    <subfield code="a">RU</subfield>
    <subfield code="b">&#x41A;&#x41D;-&#x41F;-18-036370</subfield>
    <subfield code="9">&#x41A;&#x41D;-&#x41F;-18-2637</subfield>
  </datafield>
  <datafield tag="035" ind1=" " ind2=" ">
    <subfield code="a">(NLR Aleph) 011734512</subfield>
  </datafield>
  <datafield tag="035" ind1=" " ind2=" ">
    <subfield code="a">(RuMoRGB)009636551</subfield>
  </datafield>
  <datafield tag="090" ind1=" " ind2=" ">
    <subfield code="a">11546760</subfield>
    <subfield code="c">11546760</subfield>
  </datafield>
  <datafield tag="100" ind1=" " ind2=" ">
    <subfield code="a">20180621d2018    e  y0rusy50      ca</subfield>
  </datafield>
  <datafield tag="101" ind1="0" ind2=" ">
    <subfield code="a">rus</subfield>
  </datafield>
  <datafield tag="102" ind1=" " ind2=" ">
    <subfield code="a">RU</subfield>
  </datafield>
  <datafield tag="105" ind1=" " ind2=" ">
    <subfield code="a">a   z       y</subfield>
  </datafield>
  <datafield tag="200" ind1="1" ind2=" ">
    <subfield code="a">&#x41E; &#x442;&#x440;&#x430;&#x432;&#x430;&#x445; &#x438; &#x442;&#x440;&#x430;&#x432;&#x43E;&#x43B;&#x435;&#x447;&#x435;&#x43D;&#x438;&#x438;</subfield>
    <subfield code="f">&#x412;. &#x412;. &#x41F;&#x435;&#x442;&#x440;&#x435;&#x43D;&#x43A;&#x43E;, &#x415;. &#x415;. &#x414;&#x435;&#x440;&#x44E;&#x433;&#x438;&#x43D;</subfield>
  </datafield>
  <datafield tag="205" ind1=" " ind2=" ">
    <subfield code="a">10-&#x435; &#x438;&#x437;&#x434;.</subfield>
  </datafield>
  <datafield tag="210" ind1=" " ind2=" ">
    <subfield code="a">&#x41C;&#x43E;&#x441;&#x43A;&#x432;&#x430;</subfield>
    <subfield code="c">&#x410;&#x43C;&#x440;&#x438;&#x442;&#x430;-&#x420;&#x443;&#x441;&#x44C;</subfield>
    <subfield code="c">&#x421;&#x432;&#x435;&#x442;</subfield>
    <subfield code="d">2018</subfield>
  </datafield>
  <datafield tag="215" ind1=" " ind2=" ">
    <subfield code="a">189 &#x441;.</subfield>
    <subfield code="c">&#x438;&#x43B;., &#x442;&#x430;&#x431;&#x43B;.</subfield>
    <subfield code="d">20</subfield>
  </datafield>
  <datafield tag="225" ind1="1" ind2=" ">
    <subfield code="a">&#x422;&#x430;&#x439;&#x43D;&#x44B; &#x432;&#x430;&#x448;&#x435;&#x433;&#x43E; &#x437;&#x434;&#x43E;&#x440;&#x43E;&#x432;&#x44C;&#x44F;</subfield>
  </datafield>
  <datafield tag="333" ind1=" " ind2=" ">
    <subfield code="a">&#x414;&#x43B;&#x44F; &#x43B;&#x438;&#x446; &#x441;&#x442;&#x430;&#x440;&#x448;&#x435; 16 &#x43B;&#x435;&#x442;</subfield>
  </datafield>
  <datafield tag="606" ind1="1" ind2=" ">
    <subfield code="a">&#x41B;&#x435;&#x43A;&#x430;&#x440;&#x441;&#x442;&#x432;&#x435;&#x43D;&#x43D;&#x44B;&#x435; &#x440;&#x430;&#x441;&#x442;&#x435;&#x43D;&#x438;&#x44F;</subfield>
    <subfield code="j">&#x41F;&#x43E;&#x43F;&#x443;&#x43B;&#x44F;&#x440;&#x43D;&#x44B;&#x435; &#x438;&#x437;&#x434;&#x430;&#x43D;&#x438;&#x44F;</subfield>
    <subfield code="2">nlr_sh1</subfield>
    <subfield code="2">nlr_sh2</subfield>
    <subfield code="3">RU\NLR\AUTH\6612406</subfield>
  </datafield>
  <datafield tag="606" ind1="1" ind2=" ">
    <subfield code="a">&#x424;&#x438;&#x442;&#x43E;&#x442;&#x435;&#x440;&#x430;&#x43F;&#x438;&#x44F;</subfield>
    <subfield code="j">&#x41F;&#x43E;&#x43F;&#x443;&#x43B;&#x44F;&#x440;&#x43D;&#x44B;&#x435; &#x438;&#x437;&#x434;&#x430;&#x43D;&#x438;&#x44F;</subfield>
    <subfield code="2">nlr_sh1</subfield>
    <subfield code="2">nlr_sh2</subfield>
    <subfield code="3">RU\NLR\AUTH\6628908</subfield>
  </datafield>
  <datafield tag="686" ind1=" " ind2=" ">
    <subfield code="a">&#x420;352.5&#x44F;97</subfield>
    <subfield code="2">rubbk</subfield>
  </datafield>
  <datafield tag="686" ind1=" " ind2=" ">
    <subfield code="a">&#x420;282.11&#x44F;9</subfield>
    <subfield code="2">rubbk</subfield>
  </datafield>
  <datafield tag="686" ind1="1" ind2=" ">
    <subfield code="a">&#x420;282.11&#x44F;9</subfield>
  </datafield>
  <datafield tag="686" ind1="1" ind2=" ">
    <subfield code="a">&#x420;352.5&#x44F;9</subfield>
  </datafield>
  <datafield tag="700" ind1=" " ind2="1">
    <subfield code="a">&#x41F;&#x435;&#x442;&#x440;&#x435;&#x43D;&#x43A;&#x43E;</subfield>
    <subfield code="b">&#x412;. &#x412;.</subfield>
    <subfield code="f">1932-</subfield>
    <subfield code="g">&#x412;&#x430;&#x43B;&#x435;&#x43D;&#x442;&#x438;&#x43D;&#x430; &#x412;&#x430;&#x441;&#x438;&#x43B;&#x44C;&#x435;&#x432;&#x43D;&#x430;</subfield>
  </datafield>
  <datafield tag="701" ind1=" " ind2="1">
    <subfield code="a">&#x414;&#x435;&#x440;&#x44E;&#x433;&#x438;&#x43D;</subfield>
    <subfield code="b">&#x415;. &#x415;.</subfield>
    <subfield code="g">&#x415;&#x432;&#x433;&#x435;&#x43D;&#x438;&#x439; &#x415;&#x432;&#x433;&#x435;&#x43D;&#x44C;&#x435;&#x432;&#x438;&#x447;</subfield>
  </datafield>
  <datafield tag="942" ind1=" " ind2=" ">
    <subfield code="c">BOOK</subfield>
  </datafield>
  <datafield tag="980" ind1=" " ind2=" ">
    <subfield code="a">NBR</subfield>
  </datafield>
  <datafield tag="980" ind1=" " ind2=" ">
    <subfield code="a">NB</subfield>
  </datafield>
</record>
